000 00551cam a2200217ua 4500
001 3358
005 20260515113652.0
008 111019n ii |||gr||||Z||||||eng
020 _a81-237-0493-3
040 _cMAIN
082 _a920
100 1 _aChatterjee, Santimay,
245 1 1 _aMeghnad Saha
_cby Santimay Chatterjee
250 _a1st.
260 _aNew Delhi:
_bNational book trust,
_c2002.
300 _a150p:
_c23cm.
653 _aBiography
653 _aBiography of Meghnad Saha
700 _aChatterjee, Enakshi,
_eAuthor.
942 _cBK
999 _c3201
_d3201